| 000 | 01210nam a2200229 i 4500 | ||
|---|---|---|---|
| 001 | 189420 | ||
| 003 | ES-MaACL | ||
| 005 | 20230906223453.0 | ||
| 008 | 190531s1960 xxu |||| | spa d | ||
| 130 | 0 |
_aBiblia. _pN.T. _lEspañol. _9119294 |
|
| 245 | 1 | 3 |
_aEl Nuevo Testamento de Nuestro Señor Jesucristo / _cantigua versión de Casiodoro de Reina (1569), revisada por Cipriano Valera (1602), otras revisiones: 1862, 1909 y 1960 ; The New Testament of our Lord and Saviour Jesus Christ / translated out of the original Greek, and with the former translations diligently compared and revised commonly know as the authorized (King James) version. |
| 246 | 3 |
_aNuevo Testamento : _bespañol e inglés |
|
| 260 |
_c[Philadelphia] : _bLos Gedeones Internacionales = The Gideons International : _bSociedades Bíblicas en América Latina, _c[1960] |
||
| 300 |
_a468 p. ; _c20 cm. |
||
| 546 | _aTexto paralelo español e inglés, a 2 columnas. | ||
| 595 | _aEd. no venal | ||
| 700 | 1 |
_aReina, Casiodoro de. _996024 |
|
| 700 | 1 |
_aValera, Cipriano de. _9112636 |
|
| 730 | 0 |
_aBiblia. _nN.T. _lInglés. _9160327 |
|
| 740 | 4 | 2 | _aThe New Testament of our Lord and Saviour Jesus Christ. |
| 852 | 4 |
_aES-MaACL _jL-32423 |
|
| 999 |
_c189420 _d189420 |
||